Yleistieto #57 - Statistics

Yleistilastot
  • Tätä visaa on pelattu 447 kertaa
  • Keskiarvotulos 7 / 14
Vastaustilastot
Vinkki Vastaus % Oikein
Kuka valittiin Ranskan presidentiksi 2017? Emmanuel Macron
76%
Miksi kutsutaan Venäjän aluetta Uralista itään? Siperia
76%
Missä on käpylisäke? Aivoissa
75%
Mistä kaupungista tulee NHL joukkue Blackhawks? Chicagosta
74%
Mikä on Skotlannin pääkaupunki? Edinburgh
67%
Kuka oli Adolf Hitlerin vaimo? Eva Braun
63%
Mikä oli Luxemburgin rahayksikkö ennen euroa? LuxemburgIn frangi
58%
Kuka on kirjoittanut kirjan "Stalinin Lehmät"? Sofi Oksanen
58%
Mille maalle kuuluu Kamtšatkan niemimaa? Venäjälle
48%
Kuka on '30 seconds to Mars'-bändin laulaja? Jared Leto
42%
Mikä on Alankomaiden valtiollinen lentoyhtiö? KLM
41%
Kuka on kirjoittanut laulun "Sinua, sinua rakastan"? Kaj Chydenius
20%
Mikä elokuvafestivaali on Robert Redfordin perustama? Sundance Film Festival
14%
^Missä Yhdysvaltojen osavaltiossa se järjestetään? Utahissa
14%
Ehtoja vastaavia visoja ei löytynyt
Tulosjakauma
Jokaisen tuloksen saaneiden osuus
Persentiili vastausten määrän mukaan
Tuloshistoriasi
Et ole pelannut tätä visaa